• 首页
  • 本馆介绍
  • 公告通知
  • 最新文献
  • 馆藏检索
  • 电子资源
  • 读者导购
  • 参考咨询
  • 我的图书馆
  • 登录
  • 详细信息显示
  • 放入我的书架
  • 预约/预借图书
  • 作者相关作品
  • 分类相关作品
  • 丛书相关作品
  • 出版社相关作品

书目信息

  • 表格格式
  • 工作单格式
  • 卡片格式
题名:
现代内科诊疗与护理
    
 
作者: 张海霞 , 刘瑛 著
分册:  
出版信息: 汕头   汕头大学出版社  2019.09
页数: 106页
开本: 24cm
丛书名:
单 册:
中图分类: R5 , R473.5
科图分类:
主题词: 内科--nei ke--疾病--诊疗 , 内科--nei ke--疾病--护理
电子资源:
ISBN: 978-7-5658-3038-9
000 00902nam0 2200277 450
001 CAL 0120162051343
005 20230217093111.0
010    @a978-7-5658-3038-9@dCNY78.00
100    @a20190923d2019 em y0chiy0120 ea
101 0  @achi
102    @aCN@b440000
105    @ay a 000yy
106    @ar
200 1  @a现代内科诊疗与护理@Axian dai nei ke zhen liao yu hu li@f张海霞, 刘瑛著
210    @a汕头@c汕头大学出版社@d2019.09
215    @a106页@d24cm
320    @a有书目 (第106页)
330    @a本书主要包括: 儿童贫血、免疫系统疾病、其他血液疾病、神经内科常见症状与体征护理、神经系统疾病的专科护理和神经内科常见疾病护理等内容。
606 0  @a内科@Anei ke@x疾病@x诊疗
606 0  @a内科@Anei ke@x疾病@x护理
690    @aR5@v5
690    @aR473.5@v5
701  0 @a张海霞@Azhang hai xia@4著
701  0 @a刘瑛@Aliu ying@4著
801  0 @aCN@bBJXHZP@c20230228
905    @b1405821-4@dR5@e167@f4
    
    现代内科诊疗与护理/张海霞, 刘瑛著.-汕头:汕头大学出版社,2019.09
    106页;24cm
    
    
    ISBN 978-7-5658-3038-9:CNY78.00
    本书主要包括: 儿童贫血、免疫系统疾病、其他血液疾病、神经内科常见症状与体征护理、神经系统疾病的专科护理和神经内科常见疾病护理等内容。
●
相关链接 在E读中查询图书 在五车中查询图书 在当当中查询图书 在豆瓣中查询图书


正题名:现代内科诊疗与护理     索取号:R5/167         预约/预借

序号 登录号 条形码 馆藏地/架位号 状态 备注
1 1405821   214058213   第二样本阅览室/ [索取号:R5/167] 在馆    
2 1405822   214058222   第三借阅区/ [索取号:R5/167] 在馆    
3 1405823   214058231   第三借阅区/ [索取号:R5/167] 在馆    
4 1405824   214058240   第三借阅区/ [索取号:R5/167] 在馆    
唐山师范学院图书馆 欢迎您!
大连网信软件有限公司© 版权所有